000 00853nam a2200265 a 4500
001 57493
003 BD-RjUL
005 20211209080523.0
008 101216s19711969ilu b 001 0 eng
035 _a(BD-RjUL) 57617
040 _aDLC
_cDLC
_dDLC
_dBD-RjUL
_beng
041 _aeng
082 0 0 _a302.35
_223
_bHOF 1971
100 1 _aHowton, F. William
_q(Frank William),
_d1925-
_9170729
245 1 0 _aFunctionaries /
_cF. William Howton
260 _aChicago :
_bQuadrangle Books,
_cc1969 [Printing 1971]
300 _ax, 268 p. ;
_c22 cm.
490 0 _aProblems of American society
504 _aBibliographical references included in "Notes" (p. [255]-262)
650 0 _aBureaucracy
_9170730
650 0 _aOrganizational sociology
_9170731
650 0 _aOrganization
_9170732
830 _aProblems of American society
_9170733
942 _2ddc
_cBK
999 _c57493
_d57493